LPF - Nacionalidades 2026 - Estadísticas

Estadísticas generales
  • Esta prueba ha sido intentada 125 veces
    19 desde el último reinicio
  • La puntuación promedio es 15 de 18
Estadísticas de respuestas
Jugador Federación % Correcto
22 C. Palacios Chile
100%
22 K. Castaño Colombia
100%
4 K. Páez Ecuador
100%
1 A. Herrera España
100%
43 M. Merentiel Uruguay
100%
755 A. Moreno Argentina
95%
2 Rick Brasil
95%
1 M. Miljevic Estados Unidos
89%
1 T. Gigena Mexico
89%
36 O. Gill Paraguay
89%
2 A. Módica Italia
79%
1 R. Kida Japón
79%
1 L. Blondel Suiza
79%
3 L. Zelarayán Armenia
68%
1 J. Nsumoh Nigeria
63%
5 J. Elías Siria
58%
1 I. Machuca Malasia
42%
1 W. Rivera Puerto Rico
37%
No se encontraron pruebas coincidentes
Distribución de puntuación
Porcentaje de gente con cada puntuación
Porcentaje por número respondido
Historial de tus puntuaciones
No has intentado esta prueba desde el último reinicio